| 000 | 01064nam a2200301 a 4500 | ||
|---|---|---|---|
| 001 | 000111666 | ||
| 003 | CHAP | ||
| 005 | 20220329144224.0 | ||
| 008 | 150625s2015 mx a |sm |||||||spa d | ||
| 010 | _a108127 | ||
| 011 | _a109099 | ||
| 040 | _cCHAP | ||
| 090 | _aTesis | ||
| 100 | 1 |
_aDíaz Anguiano, Amanda Yaollin _933361 |
|
| 245 | 1 | 0 |
_aMaíz criollo e identidad cultural de los productores de la región Texcoco _h[En línea] _cpor Amanda Yaollin Díaz Anguiano. |
| 260 |
_aChapingo, Méx. : _bEl autor, _c2015. |
||
| 500 | _aPara ver el contenido del material haga clic en la liga | ||
| 502 | _aTesis (Ph.D. en Ciencias Agrarias) -- UACH. Departamento de Sociología Rural | ||
| 590 |
_aE11695DGD _b10 _c20150713 _lUCH01 _h1326 |
||
| 590 |
_aE5652GLJ _b05 _c20150625 _lUCH01 _h1228 |
||
| 590 |
_aE5652GLJ _b05 _c20150625 _lUCH01 _h1228 |
||
| 650 | 1 | 4 |
_aEtnografía. _938651 |
| 650 | 1 | 4 |
_aMaiz criollo _xProducción. _9129609 |
| 856 |
_aFinding aid _uhttp://10.13.5.2/tesis/sist111666.pdf _zTeclea aquí |
||
| 901 | _aBK | ||
| 942 | _cTESIS | ||
| 942 | _n0 | ||
| 999 |
_c108127 _d108127 |
||